01375nam a2200265 a 450000100100000000500170001000800410002704000250006808200180009310000280011124501040013926001180024330000200036149000460038150000730042753400590050065000360055965000350059570000440063083000520067495201160072695201220084295201280096499900170109200002540020200930023749.0110215s1971 mx a 000 0 spa d aDO-SdBNPbspacBNPHU a371.33bB124c1 aBachman, John W.95199510aCómo usar materiales audiovisules /cJohn W. Bachman ; traducción de René Cárdenas Barrios. aMéxico, D. F. :bCentro Regional de Ayuda Técnica. Agencia para el Desarrollo Internacional ;bDianal,c1971. a79 p. ;c18 cm.1 aBiblioteca para el director de grupos.v8 aIncluye referencias bibliográficas y notas al pie de las páginas aTítulo original :tHow to use audio-visual materials 4aMateriales audiovisuales951996 4aEnseñanza audiovisual9260911 aCárdenas Barrios, René,etr.912537 0aBiblioteca para el director de gruposn8951997 001050718MOaGRbGRcHDd2011-02-15iLF1l0o371.33 B124cp25400-10r2020-06-25w2020-06-25y1ZNo se presta 001050718MOaGRbGRcHDd2011-02-15iLF1l0o371.33 B124cp25400-20r2020-06-25te. 2w2020-06-25y1ZNo se presta 001154708MOaGRbGRcMId2017-06-02iLF1l0o371.33 B124cp25400-30r2020-06-25te. 3w2020-06-25y4ZPréstamo en sala c24892d24892